Top 10 Non-White QB's ever - Statistics

General Stats
  • This quiz has been taken 51 times
  • The average score is 7 of 10
Answer Stats
Teams QB % Correct
10. CAR/NEP Cam Newton
87%
4. SEA/DEN Russell Wilson
87%
5. KAN Patrick Mahomes
85%
9. ATL/PHI/NYJ/PIT Michael Vick
83%
7. TEN/BAL Steve McNair
72%
6. PHI/WAS/MIN Donovan McNabb
70%
8. PHI/MIN/DAL/BAL Randall Cunningham
70%
2. HOU/MIN/SEA/KAN Warren Moon
70%
1. CLE Otto Graham
28%
3. LAR/PHI Roman Gabriel
2%
No matching quizzes found
Score Distribution
Percent of People with Each Score
Percentile by Number Answered
Your Score History
You have not taken this quiz